MARC

LEADER 00000nas a2200000 a 4500
001 ssj0007742
003 WaSeSS
005 20200512172242.0
006 m d
007 cr n
008 000919c20009999mdutr pss 0 a0eng c
010 |a  00215930  
016 7 |a 020831625  |2 DE-101 
016 7 |a 2025410-6  |2 DE-600 
016 7 |a 002558248  |2 IsJJNL 
022 |a 1532-5768  |l 1532-5768 
035 |a (WaSeSS)ssj0007742 
037 |b Project Muse, The Johns Hopkins University Press, 2715 N. Charles Street, Baltimore, MD 21218 
040 |a IEC  |b eng  |c IEC  |d UIU  |d NSD  |d EYM  |d WAU  |d OCLCQ  |d F#A  |d OCLCQ  |d UQ1  |d OCLCQ  |d DEBSZ  |d OCLCQ  |d OCLCO  |d DLC  |d J9U  |d OCLCF  |d OCLCO  |d OCLCQ  |d EZC  |d GILDS  |d OCLCO  |d AU@  |d WaSeSS 
042 |a nsdp  |a pcc 
050 0 0 |a JV61 
050 1 4 |a JV1 
082 1 0 |a 325  |2 13 
210 0 |a J. colon. colon. hist. 
222 0 |a Journal of colonialism & colonial history 
245 0 0 |a Journal of colonialism & colonial history  |h [electronic resource]. 
246 1 |i Project MUSE Web site has title, <winter 2013->:  |a Journal of colonialism and colonial history 
260 |a Baltimore, Md. :  |b Johns Hopkins University Press,  |c ©2000- 
310 |a Three no. a year 
362 0 |a Vol. 1, no. 1 (fall 2000)- 
500 |a Title from title screen (viewed Feb. 2, 2001). 
506 |a License restrictions may limit access. 
538 |a Mode of access: World Wide Web. 
550 |a Sponsored by: Towson University, 2000- ; University of Leicester, <winter 2013-> 
588 |a Latest issue consulted: Volume 14, number 3 (winter 2013) (Project MUSE Web site, viewed November 25, 2013). 
650 0 |a Colonies  |x History  |v Periodicals. 
650 0 |a Imperialism  |x History  |v Periodicals. 
650 0 |a World politics  |v Periodicals. 
650 7 |a Colonies.  |2 fast  |0 (OCoLC)fst00868456 
650 7 |a Imperialism.  |2 fast  |0 (OCoLC)fst00968126 
650 7 |a World politics.  |2 fast  |0 (OCoLC)fst01181381 
650 1 7 |a Colonialisme.  |2 rasuqam 
650 7 |a Colonisation.  |2 rasuqam 
650 7 |a Histoire.  |2 rasuqam 
650 1 7 |a Impérialisme.  |2 rasuqam 
650 7 |a Politique coloniale.  |2 rasuqam 
655 0 |a Electronic journals. 
710 2 |a Towson University. 
710 2 |a University of Leicester. 
850 |a DLC 
856 4 0 |z Full text available from Research Library: 04/01/2008 to 1 year ago  |u https://search.proquest.com/publication/27337